[Event "?"]
[Site "masterchessopen.com - Kirovakan (Armenia)"]
[Round "0"]
[White "Vladimirov Boris T (RUS)"]
[Black "Turikov Viktor (RUS)"]
[Result "1-0"]
[WhiteElo "2340"]
[BlackElo "2279"]

1.d4 Nf6 2.c4 c5 3.d5 e6 4.Nc3 exd5 5.cxd5 d6 6.e4 g6 7.Bf4 Bg7 8.Bb5+ Bd7
9.Be2 Qc7 10.Nf3 O-O 11.Nd2 Re8 12.O-O Na6 13.h3 Rab8 14.Rc1 Bf8 15.Kh1 Qc8
16.Bg5 Bg7 17.f4 Bxh3 18.f5 gxf5 19.Bxf6 Bxf6 20.gxh3 fxe4 21.Bg4 Qd8 22.Ndxe4
Be5 23.Bh5 Rf8 24.Qg4+ Kh8 25.Bxf7 {#r} 1-0

[Event "Ch World (students)"]
[Site "masterchessopen.com - Harrachov (Czech Republic)"]
[Round "0"]
[White "Brinck-Claussen Bjorn (DEN)"]
[Black "Levy David N L (SCO)"]
[Result "1-0"]
[WhiteElo "2263"]
[BlackElo "2310"]

1.d4 Nf6 2.c4 c5 3.d5 e6 4.Nc3 exd5 5.cxd5 d6 6.e4 g6 7.Bf4 a6 8.a4 Bg7 9.Be2
b6 10.Nf3 O-O 11.Nd2 Ne8 12.Nc4 f5 13.Qd2 Bxc3 14.bxc3 fxe4 15.O-O Ra7 16.Qe3
Raf7 17.Bg5 Nf6 18.Qg3 e3 19.Nxd6 Rc7 20.fxe3 Qe7 21.e4 Nbd7 22.Bg4 {#r} 1-0

[Event "Ch DDR"]
[Site "masterchessopen.com - Weimar (Germany)"]
[Round "6"]
[White "Starck Bodo (GER)"]
[Black "Espig Lutz (GER)"]
[Result "1-0"]
[WhiteElo "2248"]
[BlackElo "2346"]

1.d4 Nf6 2.c4 c5 3.d5 e6 4.Nc3 exd5 5.cxd5 d6 6.e4 g6 7.Bd3 Bg7 8.Nge2 O-O
9.O-O Na6 10.Bg5 h6 11.Bh4 g5 12.Bg3 Nh5 13.Qd2 Nc7 14.f4 b5 15.Bf2 gxf4
16.Nxf4 Nxf4 17.Qxf4 Qg5 18.Qxd6 Be5 19.Qxc5 Bh3 20.Bg3 Bxg3 21.hxg3 Qxg3
22.Rf2 Rab8 23.Re1 Bg4 24.Qd4 {#r} 1-0

[Event "Olympiad"]
[Site "masterchessopen.com - Siegen (Germany)"]
[Round "14"]
[White "Jansson Borje (SWE)"]
[Black "Myagmarsuren Lhamsuren (MGL)"]
[Result "1-0"]
[WhiteElo "2334"]
[BlackElo "2199"]

1.d4 Nf6 2.c4 c5 3.d5 e6 4.Nc3 exd5 5.cxd5 d6 6.e4 g6 7.Bf4 Bg7 8.Bb5+ Nfd7
9.Bxd6 Qb6 10.e5 a6 11.Qa4 Kd8 12.Nf3 f6 13.O-O axb5 14.Qxa8 Na6 15.a4 Nxe5
16.Bxe5 fxe5 {#r} 1-0

[Event "Ch DDR"]
[Site "masterchessopen.com - Straussberg (Germany)"]
[Round "13"]
[White "Lehmann Karl-Heinz (GER)"]
[Black "Postler Reinhard (GER)"]
[Result "0-1"]
[WhiteElo "2142"]
[BlackElo "2367"]

1.d4 Nf6 2.c4 c5 3.d5 e6 4.Nc3 exd5 5.cxd5 d6 6.e4 g6 7.Bd3 Bg7 8.Nge2 O-O
9.O-O Na6 10.Ng3 Rb8 11.h3 Nc7 12.a4 a6 13.a5 b5 14.axb6 Rxb6 15.f4 Bd7 16.Qe2
Re8 17.Be3 Nfxd5 18.Nxd5 Nxd5 19.Bc1 Bd4+ 20.Kh2 Nb4 21.Rd1 f5 {#R} 0-1

[Event "It (b)"]
[Site "masterchessopen.com - Wijk aan Zee (Netherlands)"]
[Round "4"]
[White "Brinck-Claussen Bjorn (DEN)"]
[Black "Denker Arnold S (USA)"]
[Result "1-0"]
[WhiteElo "2425"]
[BlackElo "2285"]

1.d4 Nf6 2.c4 c5 3.d5 e6 4.Nc3 exd5 5.cxd5 d6 6.e4 g6 7.Bf4 Bg7 8.Bb5+ Bd7
9.Be2 Qc7 10.Nf3 O-O 11.e5 Nh5 12.exd6 Qb6 13.Bc1 Re8 14.O-O Qxd6 15.Ng5 Nf4
16.Bc4 Bxc3 17.bxc3 f6 18.Ne6 Bxe6 19.dxe6 Qxd1 20.Rxd1 Nxe6 21.Rd6 Kf7 22.Rb1
Nc6 23.Rxb7+ Re7 24.Bxe6+ {#r} 1-0

[Event "Olympiad"]
[Site "masterchessopen.com - Skopje (Macedonia)"]
[Round "4"]
[White "Kchouk Bechir"]
[Black "Grumer Eugene (ISV)"]
[Result "1-0"]
[WhiteElo "2200"]
[BlackElo "2205"]

1.d4 Nf6 2.c4 c5 3.d5 e6 4.Nc3 exd5 5.cxd5 d6 6.e4 Nbd7 7.Be3 Be7 8.f3 O-O
9.Nge2 a6 10.a4 Ne5 11.Ng3 Re8 12.Be2 Bd7 13.O-O Rb8 14.Qd2 Qc7 15.Nf5 Bxf5
16.exf5 Kh8 17.g4 h6 18.h4 Nh7 19.g5 Qd7 20.f4 Qxf5 21.fxe5 Qh3 22.Ne4 Qxh4
23.Rf4 Qh3 24.Bg4 Qh4 25.Bf2 {#r} 1-0

[Event "Ch Europe (juniors)"]
[Site "masterchessopen.com - Groningen (Netherlands)"]
[Round "10"]
[White "Nixon Rodney (ENG)"]
[Black "Knight Timothy"]
[Result "1-0"]
[WhiteElo "2011"]
[BlackElo "2200"]

1.d4 Nf6 2.c4 c5 3.d5 e6 4.Nc3 exd5 5.cxd5 d6 6.e4 g6 7.Bd3 Bg7 8.Nge2 O-O
9.O-O Re8 10.Ng3 Na6 11.h3 Nc7 12.a4 a6 13.f4 Bd7 14.Qf3 b5 15.e5 Nh5 16.Nxh5
gxh5 17.Qxh5 h6 18.Ne4 c4 19.Bb1 Qe7 20.exd6 {#r} 1-0

[Event "It (cat.7)"]
[Site "masterchessopen.com - Sao Paulo (Brazil)"]
[Round "4"]
[White "Segal Alexandru Sorin (BRA)"]
[Black "Camara Helder (BRA)"]
[Result "1-0"]
[WhiteElo "2145"]
[BlackElo "2347"]

1.d4 Nf6 2.c4 c5 3.d5 e6 4.Nc3 exd5 5.cxd5 d6 6.e4 g6 7.Be2 Bg7 8.f4 Qe7 9.e5
dxe5 10.fxe5 Nfd7 11.d6 Qxe5 12.Nf3 Qe6 13.Nb5 Na6 14.Ng5 Qe5 15.O-O O-O
16.Bc4 Qe8 17.Rxf7 Kh8 18.Re7 Qd8 19.Rxg7 {#r} 1-0

[Event "Olympiad (w) (final D)"]
[Site "masterchessopen.com - Buenos Aires (Argentina)"]
[Round "1"]
[White "Paniagua Blanca"]
[Black "Davies Lilian"]
[Result "0-1"]
[WhiteElo "1800"]
[BlackElo "2250"]

1.d4 Nf6 2.c4 e6 3.Nc3 c5 4.d5 exd5 5.cxd5 d6 6.e4 Nbd7 7.Nf3 a6 8.Bg5 Be7
9.Be2 b5 10.Bxf6 Bxf6 11.Qc2 O-O 12.O-O Re8 13.Nd1 g6 14.Rb1 c4 15.b3 cxb3
16.Rxb3 Ne5 17.Re3 Qe7 18.Bd3 Bb7 19.Rfe1 Rac8 20.Nc3 Nd7 21.e5 Nxe5 22.Nxe5
Bxe5 23.Rxe5 dxe5 {#R} 0-1

[Event "Ch Sweden"]
[Site "masterchessopen.com - Sweden"]
[Round "0"]
[White "Schussler Harry (SWE)"]
[Black "Svensson Bengt (SWE)"]
[Result "1-0"]
[WhiteElo "2365"]
[BlackElo "2385"]

1.d4 Nf6 2.c4 c5 3.d5 e6 4.Nc3 exd5 5.cxd5 d6 6.e4 g6 7.Bf4 Bg7 8.Bb5+ Ke7
9.Nf3 a6 10.Be2 Re8 11.a4 Bg4 12.Nd2 Bxe2 13.Qxe2 Nh5 14.Bg5+ Bf6 15.Be3 Kf8
16.Nc4 Qe7 17.g4 Ng7 18.O-O Nd7 19.f3 Rad8 20.Kh1 Ne5 21.g5 Bxg5 22.Bxg5 Qxg5
23.f4 Qh4 24.fxe5 dxe5 25.Qf2 Qxf2 26.Rxf2 f5 27.exf5 {#r} 1-0

[Event "Ch Greece"]
[Site "masterchessopen.com - Athens (Greece)"]
[Round "12"]
[White "Psarra"]
[Black "Makropoulos Georgios (GRE)"]
[Result "0-1"]
[WhiteElo "2285"]
[BlackElo "2455"]

1.d4 Nf6 2.c4 c5 3.d5 e6 4.Nc3 exd5 5.cxd5 d6 6.e4 g6 7.Bd3 Bg7 8.Nge2 O-O
9.O-O Re8 10.Ng3 Na6 11.f4 Ng4 12.Qf3 Bd4+ 13.Kh1 Nxh2 {#R} 0-1

[Event "It (open)"]
[Site "masterchessopen.com - Hillerod (Denmark)"]
[Round "0"]
[White "Toldsted J"]
[Black "Larsen S"]
[Result "0-1"]
[WhiteElo "2200"]
[BlackElo "2200"]

1.d4 Nf6 2.c4 c5 3.d5 e6 4.Nc3 exd5 5.cxd5 d6 6.e4 g6 7.Bg5 Nbd7 8.f4 a6 9.Nf3
h6 10.Bh4 Qb6 11.Qc2 Bg7 12.Bd3 O-O 13.h3 Nh5 14.g3 Re8 15.Qh2 Qb4 16.Rc1 c4
17.Bb1 Nc5 18.a3 Qb6 19.g4 Bxc3+ 20.bxc3 Nxe4 21.gxh5 Qe3+ 22.Kd1 Qxf3+ 23.Kc2
Ng3 24.Qxg3 Qe2# 0-1

[Event "It"]
[Site "masterchessopen.com - Zamardi (Hungary)"]
[Round "0"]
[White "Zsinka Laszlo (HUN)"]
[Black "Ghitescu Theodor (ROM)"]
[Result "1-0"]
[WhiteElo "2286"]
[BlackElo "2460"]

1.d4 Nf6 2.c4 c5 3.d5 e6 4.Nc3 exd5 5.cxd5 d6 6.e4 g6 7.Bd3 Bg7 8.Nge2 O-O
9.O-O a6 10.a4 Qc7 11.Ng3 Nbd7 12.Qe2 Re8 13.f4 Nxe4 14.Ncxe4 f5 15.Kh1 Rb8
16.Qf3 fxe4 17.Nxe4 c4 18.Bxc4 Qxc4 19.Nxd6 Qe2 20.Nxe8 Qxe8 21.Bd2 Nf6 22.Bc3
Bg4 23.Qg3 Qd7 24.f5 {#r} 1-0

[Event "It (cat.7)"]
[Site "masterchessopen.com - Keszthely (Hungary)"]
[Round "0"]
[White "Chandler Murray G (ENG)"]
[Black "Barczay Laszlo (HUN)"]
[Result "1-0"]
[WhiteElo "2530"]
[BlackElo "2420"]

1.d4 Nf6 2.c4 c5 3.d5 e6 4.Nc3 exd5 5.cxd5 d6 6.e4 g6 7.f3 Bg7 8.Bg5 O-O 9.Qd2
Re8 10.Nge2 a6 11.a4 Qa5 12.Ra3 Nbd7 13.Nc1 Ne5 14.Be2 Qb4 15.Qc2 Nxd5 16.Rb3
Qa5 17.exd5 c4 18.Ra3 Bf5 19.Qd2 Nd3+ 20.Kf1 Qb6 21.Bxd3 Bxd3+ 22.Nxd3 cxd3
23.a5 Bxc3 24.axb6 {#r} 1-0

[Event "Ch World (juniors) (under 20)"]
[Site "masterchessopen.com - Copenhagen (Denmark)"]
[Round "7"]
[White "Manne Per (NOR)"]
[Black "Bator Robert (SWE)"]
[Result "0-1"]
[WhiteElo "2226"]
[BlackElo "2411"]

1.d4 c5 2.d5 Nf6 3.c4 e6 4.Nc3 exd5 5.cxd5 d6 6.e4 g6 7.f3 Bg7 8.Bg5 h6 9.Bh4
O-O 10.Qd2 Nxe4 11.Bxd8 Nxd2 12.Bc7 Nxf1 13.Kxf1 Bxc3 14.bxc3 Na6 15.Bxd6 Rd8
16.Bf4 g5 17.Be3 Rxd5 18.Ne2 Bf5 19.h4 Bd3 {#R} 0-1

[Event "It (open)"]
[Site "masterchessopen.com - Hamar (Norway)"]
[Round "6"]
[White "Bjerke Richard (NOR)"]
[Black "Elseth Roar (NOR)"]
[Result "1-0"]
[WhiteElo "2135"]
[BlackElo "2349"]

1.d4 Nf6 2.c4 e6 3.Nc3 c5 4.d5 exd5 5.cxd5 d6 6.e4 g6 7.Bd3 Bg7 8.Nge2 a6 9.a4
Qc7 10.O-O Nbd7 11.h3 Rb8 12.Kh1 Ne5 13.Bc2 b5 14.axb5 axb5 15.f4 Ned7 16.e5
dxe5 17.fxe5 Nxe5 18.Bg5 Nfd7 19.d6 Qb7 20.Be7 Nc6 21.Be4 Nde5 22.Nd5 {#r} 1-0

[Event "It"]
[Site "masterchessopen.com - St.Maxime (France)"]
[Round "0"]
[White "Giffard Nicolas (FRA)"]
[Black "Hulak Krunoslav (CRO)"]
[Result "1-0"]
[WhiteElo "2336"]
[BlackElo "2495"]

1.d4 Nf6 2.c4 c5 3.d5 e6 4.Nc3 exd5 5.cxd5 d6 6.e4 g6 7.Bd3 Bg7 8.Nge2 O-O
9.O-O b6 10.h3 Ba6 11.Bg5 Qc7 12.Ng3 Bxd3 13.Qxd3 Nbd7 14.Qd2 a6 15.Bh6 b5
16.Rae1 {#r} 1-0

[Event "Memorial A.Sokolsky"]
[Site "masterchessopen.com - Minsk (Belarus)"]
[Round "0"]
[White "Gelfand Boris (ISR)"]
[Black "Basin Leonid (RUS)"]
[Result "1-0"]
[WhiteElo "2746"]
[BlackElo "2420"]

1.d4 Nf6 2.c4 c5 3.d5 e6 4.Nc3 exd5 5.cxd5 d6 6.e4 g6 7.f3 Bg7 8.Bg5 O-O 9.Qd2
a6 10.a4 Re8 11.Nge2 Nbd7 12.Ng3 Qa5 13.Be2 b5 14.O-O b4 15.Nd1 Nb6 16.Kh1 h5
17.Ne3 Nh7 18.Bh4 Bd7 19.f4 c4 20.Nxc4 Nxc4 21.Bxc4 Qc5 22.Rac1 Qb6 23.b3 Nf6
24.e5 dxe5 25.f5 Ng4 26.d6 {#r} 1-0

[Event "Ch DDR (w)"]
[Site "masterchessopen.com - Eilenburg (Germany)"]
[Round "1"]
[White "Heinig Wolfram Dr (GER)"]
[Black "Nuenchert Eveline (GER)"]
[Result "0-1"]
[WhiteElo "2321"]
[BlackElo "2045"]

1.d4 Nf6 2.c4 c5 3.d5 e6 4.Nc3 exd5 5.cxd5 d6 6.e4 g6 7.Bd3 Bg7 8.h3 O-O
9.Nge2 Na6 10.Ng3 Nc7 11.O-O a6 12.a4 Rb8 13.Be3 b5 14.axb5 axb5 15.f4 Re8
16.Qf3 Nfxd5 17.Bd2 Nb4 18.Rae1 Nxd3 19.Qxd3 b4 20.Nd5 Ba6 {#R} 0-1

[Event "Ch URS (juniors)"]
[Site "masterchessopen.com - Yurmala (Latvia)"]
[Round "0"]
[White "Shabalov Alexander (USA)"]
[Black "Minasian Artashes (ARM)"]
[Result "1-0"]
[WhiteElo "2529"]
[BlackElo "2525"]

1.d4 Nf6 2.c4 c5 3.d5 e6 4.Nc3 exd5 5.cxd5 d6 6.e4 g6 7.Bd3 Bg7 8.Nge2 O-O
9.O-O a6 10.a4 Nbd7 11.h3 Qc7 12.f4 c4 13.Bc2 Rb8 14.Be3 Re8 15.Kh1 Nc5 16.Ng3
Nfxe4 17.Ncxe4 Nxe4 18.Bxe4 f5 19.Bd4 fxe4 20.f5 Bxf5 21.Nxf5 gxf5 22.Rxf5 Re7
23.Ra3 Rf8 24.Rg5 h6 25.Rg6 Kh7 26.Rag3 Rff7 27.Qh5 {#r} 1-0

[Event "It \"]
[Site "masterchessopen.com - Amsterdam (Netherlands)"]
[Round "1"]
[White "Eslon Jaan (SWE)"]
[Black "Bezemer Arno (NED)"]
[Result "1-0"]
[WhiteElo "2415"]
[BlackElo "2351"]

1.d4 Nf6 2.c4 c5 3.d5 e6 4.Nc3 exd5 5.cxd5 d6 6.e4 g6 7.Bd3 Bg7 8.Nge2 O-O
9.O-O a6 10.a4 Qc7 11.Rb1 Nbd7 12.Kh1 Rb8 13.f3 c4 14.Bc2 Nc5 15.b4 cxb3
16.Bxb3 Bd7 17.Bc2 Rfc8 18.Be3 b5 19.axb5 axb5 20.Na2 Na6 21.Bd3 Re8 22.Qd2
Qd8 23.Nd4 Nc5 24.Nb4 Rb7 25.Nbc6 Bxc6 26.Nxc6 Qc8 27.Bxb5 {#r} 1-0

[Event "Ch Argentina"]
[Site "masterchessopen.com - Buenos Aires (Argentina)"]
[Round "1"]
[White "Adla Diego (ARG)"]
[Black "Paglilla Carlos (ARG)"]
[Result "1-0"]
[WhiteElo "2499"]
[BlackElo "2326"]

1.d4 Nf6 2.c4 e6 3.Nc3 c5 4.d5 exd5 5.cxd5 d6 6.e4 g6 7.f3 Bg7 8.Bg5 O-O 9.Qd2
a6 10.a4 Re8 11.Nge2 Nbd7 12.Ng3 Qa5 13.Ra3 Qb4 14.Be2 c4 15.O-O Nc5 16.Rb1
Nb3 17.Qd1 Na5 18.Be3 Nb3 19.Na2 {#r} 1-0

[Event "It (open)"]
[Site "masterchessopen.com - Lugano (Switzerland)"]
[Round "0"]
[White "Mohr Stefan (GER)"]
[Black "Pliester Leon (NED)"]
[Result "0-1"]
[WhiteElo "2350"]
[BlackElo "2380"]

1.d4 Nf6 2.c4 c5 3.d5 e6 4.Nc3 exd5 5.cxd5 d6 6.e4 g6 7.Bf4 Bg7 8.Qa4+ Bd7
9.Qb3 Qa5 10.f3 O-O 11.Bxd6 Re8 12.O-O-O Na6 13.g4 b5 14.Bxb5 Rab8 15.Bxb8
Rxb8 16.a4 Nb4 17.e5 a6 18.exf6 axb5 19.axb5 Bh6+ 20.Kb1 Ra8 21.Qa3 Qd8 22.Qb3
Qa5 23.Qa3 Qd8 24.Qb3 Ra5 25.Qc4 Qa8 26.b3 Ra1+ 27.Kb2 Qa3# 0-1

[Event "?"]
[Site "masterchessopen.com - Moscow (Russia)"]
[Round "0"]
[White "Barkovsky Eduard"]
[Black "Morgulov Alexsander M (RUS)"]
[Result "1-0"]
[WhiteElo "2120"]
[BlackElo "2335"]

1.d4 Nf6 2.c4 c5 3.d5 e6 4.Nc3 exd5 5.cxd5 d6 6.e4 g6 7.f3 Bg7 8.Bg5 O-O 9.Qd2
a6 10.a4 Nbd7 11.Nh3 Qc7 12.Be2 c4 13.Nf2 Re8 14.O-O b6 15.Rfc1 Rb8 16.Bxc4
Qxc4 17.Ne2 b5 18.Rxc4 bxc4 19.Rc1 Ne5 20.Nd4 Bd7 21.Nc6 Bxc6 22.dxc6 Rbc8
23.Bxf6 Bxf6 24.f4 Nxc6 25.Rxc4 Red8 26.Ng4 Bg7 27.Ne3 {#r} 1-0

[Event "corr."]
[Site "masterchessopen.com - Czechoslovakia"]
[Round "0"]
[White "Liska Karel (CZE)"]
[Black "Cerny Martin (CZE)"]
[Result "1-0"]
[WhiteElo "2116"]
[BlackElo "2193"]

1.d4 Nf6 2.c4 e6 3.Nc3 c5 4.d5 exd5 5.cxd5 d6 6.e4 g6 7.Bd3 Bg7 8.Nge2 O-O
9.O-O a6 10.a4 Qc7 11.h3 Nbd7 12.f4 Rb8 13.Be3 Re8 14.Ng3 c4 15.Bc2 Nc5 16.Qf3
b5 17.axb5 axb5 18.e5 dxe5 19.fxe5 Rxe5 20.Bd4 Rg5 21.Nge2 Nh5 22.d6 Qb7
23.Ne4 Rf5 24.Qe3 Rxf1+ 25.Rxf1 Nd7 26.Rxf7 Bxd4 27.Nxd4 {#r} 1-0

[Event "It (active)"]
[Site "masterchessopen.com - Gijon (France)"]
[Round "0"]
[White "Foisor Ovidiu Doru (ROM)"]
[Black "Vulevic Vjekoslav (SUI)"]
[Result "0-1"]
[WhiteElo "2381"]
[BlackElo "2321"]

1.d4 Nf6 2.c4 c5 3.d5 e6 4.Nc3 exd5 5.cxd5 d6 6.e4 g6 7.Bf4 a6 8.Nf3 b5 9.Bd3
Bg7 10.h3 O-O 11.O-O c4 12.Bc2 Re8 13.a3 Qb6 14.Be3 Qc7 15.Qd2 Nbd7 16.Rac1
Nc5 17.Nd4 Bd7 18.f3 Rab8 19.Rfd1 b4 20.axb4 Rxb4 21.Nb1 Reb8 22.Na3 Rxb2
23.Nxc4 Ncxe4 24.Qe1 Qxc4 25.Bxe4 Qa2 26.Bc2 Nxd5 27.Bf2 Bxd4 {#R} 0-1

[Event "It (open)"]
[Site "masterchessopen.com - Novi Sad (Yugoslavia)"]
[Round "8"]
[White "Petrovic Petar (SRB)"]
[Black "Minasian Ara (ARM)"]
[Result "0-1"]
[WhiteElo "2096"]
[BlackElo "2452"]

1.d4 Nf6 2.c4 c5 3.d5 e6 4.Nc3 exd5 5.cxd5 d6 6.e4 g6 7.Bb5+ Nfd7 8.a4 Bg7
9.Nge2 O-O 10.f4 Qh4+ 11.Kf1 Qe7 12.Kf2 Nf6 13.Bd3 Ng4+ 14.Kf3 Qh4 15.Qg1 Nd7
16.g3 Qh3 17.Bb5 f5 18.exf5 Rxf5 19.Ke4 c4 20.Be3 Ndf6+ 21.Kf3 Ne5+ 22.Kf2
Nd3+ 23.Kf3 Re5 {#R} 0-1

[Event "?"]
[Site "masterchessopen.com - Sevilla (Spain)"]
[Round "0"]
[White "Cramling Pia (SWE)"]
[Black "Franco Ocampos Zenon (PAR)"]
[Result "1-0"]
[WhiteElo "2425"]
[BlackElo "2501"]

1.d4 Nf6 2.c4 c5 3.d5 e6 4.Nc3 exd5 5.cxd5 d6 6.e4 g6 7.Bf4 a6 8.Nf3 b5 9.Bd3
Bg7 10.O-O O-O 11.h3 Re8 12.Re1 Qb6 13.a4 c4 14.Bf1 b4 15.a5 Qc7 16.Na4 Nbd7
17.Rc1 Rxe4 18.Rxe4 Nxe4 19.Rxc4 Nec5 20.Ng5 Qxa5 21.Nxc5 dxc5 22.Qf3 Bb7
23.Bc7 Qxc7 24.Qxf7+ Kh8 25.Rh4 {#r} 1-0

[Event "It (open)"]
[Site "masterchessopen.com - St. Ingbert (Germany)"]
[Round "1"]
[White "Ludy Klaus (GER)"]
[Black "Van Rienen Willy (FRA)"]
[Result "1-0"]
[WhiteElo "2077"]
[BlackElo "1915"]

1.d4 c5 2.d5 e6 3.c4 exd5 4.cxd5 d6 5.Nc3 Nf6 6.e4 g6 7.Bg5 Bg7 8.Bb5+ Bd7
9.Qa4 a6 10.Nge2 O-O 11.O-O Qc7 12.e5 dxe5 13.d6 Qd8 14.f4 Bxb5 15.Nxb5 Qe8
16.Nec3 exf4 17.Rae1 Qc6 18.Nc7 Ra7 19.Qxf4 Nh5 20.Qd2 Bd4+ 21.Kh1 Qxd6
22.N7d5 Nc6 23.Ne7+ Kh8 24.Ne4 Qe5 25.Nf6 Qc7 26.Nxh5 gxh5 27.Qxd4+ {#r} 1-0

[Event "It (open) \"]
[Site "masterchessopen.com - Bratislava (Slovakia)"]
[Round "9"]
[White "Brianski Dmitry (UKR)"]
[Black "Debnar Lubos (SVK)"]
[Result "1-0"]
[WhiteElo "2317"]
[BlackElo "2266"]

1.d4 Nf6 2.c4 e6 3.Nc3 c5 4.d5 exd5 5.cxd5 d6 6.e4 g6 7.f3 a6 8.a4 Bg7 9.Bg5
O-O 10.Qd2 Nbd7 11.Nh3 Qa5 12.Ra3 Re8 13.Nf2 Qc7 14.Be2 Rb8 15.O-O b6 16.Rc1
c4 17.Bxc4 Qxc4 18.Ne2 Ne5 19.b3 Qc5 20.Rxc5 bxc5 21.h3 Rb4 22.a5 Bd7 23.Bxf6
{#r} 1-0

[Event "Bundesliga 1988/89"]
[Site "masterchessopen.com - Germany"]
[Round "0"]
[White "Kaiser Wolfgang (GER)"]
[Black "Wallinger Manfred (GER)"]
[Result "0-1"]
[WhiteElo "2294"]
[BlackElo "2150"]

1.d4 Nf6 2.c4 c5 3.d5 e6 4.Nc3 exd5 5.cxd5 d6 6.e4 g6 7.Bd3 Bg7 8.Nge2 O-O
9.O-O Na6 10.a3 Nc7 11.Rb1 Ng4 12.h3 Ne5 13.f4 Nxd3 14.Qxd3 f5 15.Ng3 Qh4
16.exf5 gxf5 17.Kh2 b6 18.b4 {#R} 0-1

[Event "It (open)"]
[Site "masterchessopen.com - Nuernberg (Germany)"]
[Round "0"]
[White "Schmidt Frank (GER)"]
[Black "MacDonald Jonathan (CAN)"]
[Result "0-1"]
[WhiteElo "2045"]
[BlackElo "2030"]

1.d4 Nf6 2.c4 c5 3.d5 e6 4.Nc3 exd5 5.cxd5 d6 6.e4 g6 7.Qc2 Bg7 8.Bb5+ Nbd7
9.Bg5 O-O 10.Nf3 a6 11.Bd3 b5 12.b3 Qc7 13.Rc1 Ng4 14.Qd2 Re8 15.O-O Nge5
16.Bb1 Nxf3+ 17.gxf3 Ne5 18.Qf4 Qd7 19.Qg3 Qh3 20.Qxh3 Bxh3 21.Rfd1 Nxf3+ {#R}
0-1

[Event "It (w)"]
[Site "masterchessopen.com - Aarhus (Denmark)"]
[Round "1"]
[White "Jensen Christine (DEN)"]
[Black "Zimmersmann Rita (HUN)"]
[Result "0-1"]
[WhiteElo "1984"]
[BlackElo "2225"]

1.d4 Nf6 2.c4 c5 3.d5 e6 4.Nc3 exd5 5.cxd5 d6 6.e4 g6 7.Bg5 h6 8.Bh4 Bg7 9.f3
g5 10.Bf2 a6 11.a4 Qe7 12.a5 Nbd7 13.Nge2 Ne5 14.Nc1 Bd7 15.Be2 Ng6 16.O-O O-O
17.Na4 Bb5 18.Nb6 Rae8 19.Rb1 Nf4 20.b4 Nxe4 21.fxe4 Qxe4 {#R} 0-1

[Event "World Tournament (corr.)"]
[Site "masterchessopen.com - corr."]
[Round "0"]
[White "Neumann Carsten (GER)"]
[Black "Grassmehl Gerhard (GER)"]
[Result "0-1"]
[WhiteElo "2152"]
[BlackElo "1872"]

1.d4 Nf6 2.c4 e6 3.Nc3 c5 4.d5 exd5 5.cxd5 d6 6.e4 g6 7.Bg5 Bg7 8.f3 O-O 9.Qd2
Re8 10.Nge2 Na6 11.Ng3 Nc7 12.Be2 a6 13.a4 Bd7 14.Qf4 Qe7 15.a5 Rab8 16.O-O b5
17.axb6 Rxb6 18.Na4 Bxa4 19.Rxa4 Rxb2 20.Bxa6 Ra8 21.Rfa1 Rxa6 22.Rxa6 Nxa6
23.Rxa6 Rb4 24.Kf2 h6 25.Bxf6 Bxf6 26.Ne2 Rb2 27.Qxh6 Qb7 {#R} 0-1

[Event "It (open)"]
[Site "masterchessopen.com - Orange (France)"]
[Round "4"]
[White "Becker Andre (GER)"]
[Black "Zelcic Robert (CRO)"]
[Result "0-1"]
[WhiteElo "2194"]
[BlackElo "2564"]

1.d4 Nf6 2.c4 c5 3.d5 e6 4.Nc3 exd5 5.cxd5 d6 6.e4 g6 7.a4 Bg7 8.Nf3 O-O 9.Be2
Bg4 10.O-O Re8 11.Qd3 Na6 12.Bf4 Nb4 13.Qc4 Qe7 14.Nd2 Bxe2 15.Qxe2 Nfxd5
16.exd5 Qxe2 17.Nxe2 Rxe2 18.Nc4 Re4 19.Nxd6 Rxf4 20.Nxb7 Nxd5 21.Nxc5 Bxb2
22.Rab1 Bd4 23.g3 Rxf2 {#R} 0-1

[Event "It (open) \"]
[Site "masterchessopen.com - Prague (Czech Republic)"]
[Round "5"]
[White "Kaunas Kestutis (LTU)"]
[Black "Von Alvensleben Wolfram (GER)"]
[Result "1-0"]
[WhiteElo "2295"]
[BlackElo "2243"]

1.d4 Nf6 2.c4 c5 3.d5 e6 4.Nc3 exd5 5.cxd5 d6 6.e4 g6 7.Bf4 a6 8.Nf3 Bg7
9.Qa4+ Bd7 10.Qb3 b5 11.Bxd6 b4 12.Nd1 Nxe4 13.Qe3 Bf5 14.Bxc5 Qxd5 15.Rc1 Nd7
16.Bxb4 Bf8 17.Bxf8 Kxf8 18.Qd4 Ndf6 19.Ne3 Qa5+ 20.b4 Qxa2 21.Nxf5 gxf5
22.Bc4 Qa3 23.O-O Qxb4 24.Nh4 Qd6 25.Qa1 f4 {#r} 1-0

[Event "It (open)"]
[Site "masterchessopen.com - Dieren (Netherlands)"]
[Round "8"]
[White "Ellenbroek Ton (NED)"]
[Black "Jacob Volker (GER)"]
[Result "1-0"]
[WhiteElo "2060"]
[BlackElo "2246"]

1.d4 Nf6 2.c4 e6 3.Nc3 c5 4.d5 exd5 5.cxd5 d6 6.e4 g6 7.h3 Bg7 8.Nf3 O-O 9.Bd3
b5 10.Nxb5 Nxe4 11.Bxe4 Re8 12.Ng5 h6 13.Ne6 fxe6 14.O-O Bb7 15.Qb3 Re7 16.Re1
Na6 17.dxe6 c4 18.Qf3 d5 19.Bxg6 Qa5 20.Bf7+ Kf8 21.Bxh6 Bxh6 22.Qh5 Qd2
23.Re3 Bg7 24.Qh7 {#r} 1-0

[Event "It (open)"]
[Site "masterchessopen.com - Krumbach (Germany)"]
[Round "0"]
[White "Bischoff Klaus (GER)"]
[Black "Denis Laurent (FRA)"]
[Result "1-0"]
[WhiteElo "2495"]
[BlackElo "2236"]

1.d4 Nf6 2.c4 c5 3.d5 e6 4.Nc3 exd5 5.cxd5 d6 6.e4 g6 7.Bd3 Bg7 8.h3 O-O 9.Nf3
b5 10.Nxb5 Nxe4 11.Bxe4 Qa5+ 12.Nc3 Re8 13.Ng5 h6 14.Ne6 Ba6 15.f3 Bxc3+
16.bxc3 fxe6 17.Kf2 Qxc3 18.Bxh6 Qb2+ 19.Kg3 Bb7 20.Rb1 Qh8 21.Rxb7 Qxh6
22.dxe6 Qg5+ 23.Kf2 {#r} 1-0

[Event "It (open)"]
[Site "masterchessopen.com - Oberwart (Austria)"]
[Round "0"]
[White "Liedl Wolfgang (AUT)"]
[Black "Lindeman Sven (SWE)"]
[Result "1-0"]
[WhiteElo "2224"]
[BlackElo "2196"]

1.d4 Nf6 2.c4 e6 3.Nc3 c5 4.d5 exd5 5.cxd5 d6 6.e4 g6 7.Bd3 Bg7 8.h3 O-O 9.Bg5
h6 10.Be3 Re8 11.Nf3 c4 12.Bxc4 Nxe4 13.Nxe4 Rxe4 14.Bd3 Rb4 15.O-O Nd7 16.Rb1
Rxb2 17.Rxb2 Bxb2 18.Bxh6 Ne5 19.Nxe5 Bxe5 20.f4 Bd4+ 21.Kh1 Qf6 22.Bg5 Qh8
23.f5 f6 24.Qa4 fxg5 25.Qe8+ Kg7 26.f6+ {#r} 1-0

[Event "It (open)"]
[Site "masterchessopen.com - Pfalz (Germany)"]
[Round "0"]
[White "Turner Matthew (ENG)"]
[Black "Pfeiffer Alfred (GER)"]
[Result "0-1"]
[WhiteElo "2517"]
[BlackElo "2108"]

1.d4 Nf6 2.c4 c5 3.d5 e6 4.Nc3 exd5 5.cxd5 d6 6.e4 g6 7.Bd3 Bg7 8.Nge2 O-O
9.O-O a6 10.a4 Nbd7 11.Ng3 Ne5 12.Bc2 Ne8 13.f4 Ng4 14.Qf3 Bd4+ 15.Kh1 Nxh2
16.Qd3 Nxf1 17.Nxf1 Qh4+ 18.Nh2 Nf6 19.g3 {#R} 0-1